Normal view
MARC view
- Greenhouse effect
Entry Topical Term
001 - CONTROL NUMBER
- control field: 13944
003 - CONTROL NUMBER IDENTIFIER
- control field: OSt
005 - DATE AND TIME OF LATEST TRANSACTION
- control field: 20160901144542.0
008 - FIXED-LENGTH DATA ELEMENTS
- fixed length control field: 160901|| aca||babn | a|a d
040 ## - CATALOGING SOURCE
- Original cataloging agency: OSt
150 ## - HEADING--TOPICAL TERM
- Topical term or geographic name entry element: Greenhouse effect
